[Event "Detroit op"]
[Site "Detroit"]
[Date "1999.12.18"]
[Round "1"]
[White "McFolley, Tyrone"]
[Black "Skidmore, Jennifer M"]
[Result "0-1"]
[WhiteElo "893"]
[BlackElo "1889"]
[PlyCount "80"]
[EventDate "1999.12.18"]
[EventType "swiss"]
[EventRounds "6"]
[EventCountry "USA"]
[SourceTitle "EXT 2007"]
[Source "ChessBase"]
[SourceDate "2006.11.23"]
[SourceVersion "1"]
[SourceVersionDate "2006.11.23"]
[SourceQuality "1"]

1. e4 e5 2. Nf3 d6 3. Bc4 Be7 4. d4 Nf6 5. dxe5 Nxe4 6. 0-0 0-0 7. Re1 Nc5 8. Nc3 c6 9. Bf4 d5 10. Be2 Bf5 11. Nd4 Be6 12. Nxe6 Nxe6 13. Bg3 Nd7 14. Bg4 Bb4 15. Qf3 d4 16. Ne2 Bxe1 17. Rxe1 Qa5 18. Ra1 Nxe5 19. Qb3 Nxg4 20. h3 Nf6 21. Qxb7 Rfc8 22. Qb3 c5 23. c3 c4 24. Qd1 d3 25. Nf4 Nxf4 26. Bxf4 Re8 27. Be3 Nd5 28. Bd4 Rab8 29. b3 cxb3 30. axb3 Nxc3 31. Rxa5 Nxd1 32. Ra1 Nb2 33. Ra2 Rxb3 34. Rxa7 Nc4 35. Be3 d2 36. Bxd2 Nxd2 37. Ra2 Nc4 38. Kh1 h6 39. Rc2 Ne5 40. Re2 Rb4 0-1